Statistics for Game of Thrones Trivia *Book Spoilers*

Click here to take the quiz!

General Stats

  • This quiz has been taken 1,554 times
    (840 since last reset)
  • The average score is 32 of 46

Answer Stats

HintAnswer% Correct
Name of the City where Eddard Stark diedKing's Landing
99%
What is Winterfell's sigil?The Direwolf
96%
Name given to the event resulting in Robb Starks deathThe Red wedding
96%
Name of Robb Starks DirewolfGreywind
93%
Who is Daenerys's older brother?Viserys
93%
Ned Stark's bastardJon Snow
89%
Jamie Lannister's nicknameKingslayer
89%
Jon Arryns widowLysa Arryn
87%
Varys's nicknameThe spider
87%
Number of Dragons owned by Daenerys3
86%
Daenerys's First HusbandKhal Drogo
86%
Arrya's swordNeedle
85%
Who lead the rebellion against the Mad King?Robert Baratheon
85%
Lannister family's SeatCasterly rock
84%
Eddard Stark's SwordIce
84%
King beyond the wallMance Rayder
83%
Queen regent in Kings LandingCersei Lannister
80%
Which hand does Jaime Lannister lose?His Sword hand
80%
Nickname given to Catelyn's UncleBlackfish
79%
Lord who Kills Robb StarkRoose Bolton
79%
Guards sworn to protect the king of WesterosKing's Guard
78%
Slave army in AstaporeUnsullied
78%
Tyrion Lannister's squirePodrick
77%
What does Theon become to be known as?Reek
77%
The Clegane brothersGregor & Sandor
76%
Lord piggy's real nameSamwell Tarly
76%
Being capabale of controlling animals and peopleWarg
76%
Weapon used by Robert BaratheonWarhammer
76%
Catelyn Stark's foolish brotherEdmure Tully
73%
Dagger used by Sam to kill a WhitewalkerObsidian
71%
Tyrell house mottoGrowing Strong
67%
Medicine used as a painkillerMilk of the poppy
67%
Man who beheads Ned StarkSer Ilyn Payne
67%
Family infamous for flayingThe Boltons
64%
Daenerys Mother's native tongueValyrian
64%
Song based on Tywin Lannisters actions against the Reyne-Tarbeck rebellionThe Rains of Castamere
61%
Leader of The Brotherhood without bannersBeric Dondarrion
51%
Was called The last dragonRhaegar Targaryen
49%
Nights Watch Ranger, killed by Jon SnowQhorin Halfhand
44%
Place where Rhaegar Targaryen diedRuby Ford
43%
Cloaked man who lives beond the wallColdhands
30%
Mormont Family mottoHere we stand
29%
What Hot Pie bakes AryaWolf bread
17%
Targaryen who drank wildfireAerion Targaryen
13%
Robb's nickname given by Richard KarstarkKinslayer
6%
Children held hostage by the northern rebelsTion and WIllem
1%

Score Distribution

Percentile by Number Answered

Percent of People with Each Score

Your Score History

You have not taken this quiz since the last reset